000
00316nam a2200133Ia 4500
005
20260328104319.0
008
260328s9999||||xx |||||||||||||| ||und||
100
_a
Braghieri, Gianni
245
0
_a
Aldo Rossi /
_c
Gianni Braghieri
260
_b
Gustavo Gili
300
_a
221 p.
650
_a
ALDO ROSSI
942
_c
BK
999
_c
11302
_d
11302